Kỹ thuật soạn thảo hợp đồng kinh tế, hợp đồng thương mại /
Nội dung của sách phục vụ cho công tác chỉ đạo, hướng dẫn tổng hợp, xử lý thông tin và thực hiện các giao dịch, trong việc lập và ký kết hợp đồng kinh tế, hợp đồng thương mại theo những nguyên tắc pháp lý chặt chẽ.
Uloženo v:
| Hlavní autor: | |
|---|---|
| Další autoři: | |
| Médium: | Kniha |
| Jazyk: | Vietnamese |
| Vydáno: |
Hà Nội :
Thống kê,
2000.
|
| Témata: | |
| Tagy: |
Přidat tag
Žádné tagy, Buďte první, kdo otaguje tento záznam!
|
| Thư viện lưu trữ: | Mạng thư viện Đại học Đà Nẵng |
|---|
| LEADER | 01465cam a2200421 i 4500 | ||
|---|---|---|---|
| 001 | 000046694 | ||
| 003 | 6198 | ||
| 005 | 20030915091059.0 | ||
| 008 | 010307b2000 vm 000 vie | ||
| 020 | |c 72000 | ||
| 022 | |a T | ||
| 040 | |a IRC |c IRC |d IRC | ||
| 041 | 0 | |a vie | |
| 082 | 1 | 4 | |a 651.75 |b PH-P |
| 100 | 1 | |a Phạm Văn Phấn. | |
| 245 | 0 | 0 | |a Kỹ thuật soạn thảo hợp đồng kinh tế, hợp đồng thương mại / |c Phạm Văn Phấn, Nguyễn Huy Anh. |
| 260 | |a Hà Nội : |b Thống kê, |c 2000. | ||
| 300 | |a 434tr. ; |c 24cm. | ||
| 520 | 3 | |a Nội dung của sách phục vụ cho công tác chỉ đạo, hướng dẫn tổng hợp, xử lý thông tin và thực hiện các giao dịch, trong việc lập và ký kết hợp đồng kinh tế, hợp đồng thương mại theo những nguyên tắc pháp lý chặt chẽ. | |
| 630 | 0 | 4 | |a Kinh tế. |
| 630 | 0 | 4 | |a Thương mại. |
| 630 | 0 | 4 | |a Hợp đồng kinh tế. |
| 630 | 0 | 4 | |a Hợp đồng. |
| 630 | 0 | 4 | |a Hợp đồng thương mại. |
| 650 | 0 | 4 | |a Hợp đồng |x Soạn thảo. |
| 650 | 0 | 4 | |a Hợp đồng kinh tế |x Soạn thảo. |
| 650 | 0 | 4 | |a Hợp đồng thương mại |x Soạn thảo. |
| 700 | 1 | |a Nguyễn Huy Anh. | |
| OWN | |a DUT | ||
| 999 | |a From the UDN01 | ||
| TYP | |a Monograph | ||
| TYP | |a Printed language | ||
| 980 | |a Mạng thư viện Đại học Đà Nẵng | ||